000 01330nam0a22003011 4500
001 rc\4320440
005 20260407090708.0
021 _aRU
_b[64-2538]
035 _a(NLR Aleph) 008511730
090 _a8173062
_c8173062
100 _a20130416d1963 |||y0rusy50 ca
101 0 _arus
102 _aRU
105 _ay a |||||
200 1 _aГорох
_eБиблиогр. список литературы за 1957-1962 гг.
_fВсесоюз. ордена Ленина акад. с.-х. наук им. В.И. Ленина. Центр. науч. с.-х. б-ка. Справочно-библиогр. отд.
210 _aМосква
_cБ. и.
_d1963
215 _a47 с.
_d19
300 _aВ конце текста сост.: И.Г. Палилова
333 _aНа правах рукописи
606 _aГорох
_jБиблиография
_2psbo
702 1 _4220
_7ca
_8rus
_aПалилова
_bИ. Г.
_cбиблиограф
_f1928-2010
_gИрина Геннадиевна
_9225367
_3RU\NLR\AUTH\770225423
712 0 2 _aЦентральная научная сельскохозяйственная библиотека
_cМосква
_3RU\NLR\AUTH\8814932
_9303154
801 0 _aRU
_bNLR
_gpsbo
801 1 _aRU
_bELAR
_2rusmarc
852 _aNLR
_jС375Гор.-420/Г-70
942 _cBOOK
980 _aNB